| 000 | 00500 a2200157 4500 | ||
|---|---|---|---|
| 020 | _a0817642110 | ||
| 020 | _a9780817642112 | ||
| 082 | 0 | 4 | _a515 |
| 090 |
_c214 _d214 |
||
| 100 | 1 | _aSohrab, Houshang H. | |
| 245 | 1 | 0 |
_aBasic real analysis / _cHoushang H. Sohrab. |
| 260 |
_a[S.l.] : _bBirkhauser Boston, _c2003. |
||
| 300 |
_a568 p. ; _c25 cm. |
||
| 942 |
_aSNS _cBK _k515 SOH |
||
| 999 |
_c28851 _d28851 |
||